| 000 | 00701nam a22002297a 4500 | ||
|---|---|---|---|
| 003 | 0 | ||
| 005 | 20250822164516.0 | ||
| 008 | 250822b xxu||||| |||| 00| 0 eng d | ||
| 020 | _a978-93-5751-443-9 | ||
| 050 |
_aRC 437 _b.D83 2025 |
||
| 100 |
_aDubey, Sujeet Kumar, _eauthor. |
||
| 245 |
_aUnderstanding psychological disorders / _cSujeet Kumar Dubey. |
||
| 250 | _a1st ed. | ||
| 260 |
_aNew Delhi, India : _bRandom Publications LLP, _c2025. |
||
| 300 |
_aix, 274 pages ; _c24 cm. |
||
| 504 | _aIncludes bibliographical references and index. | ||
| 650 | _aMental illness. | ||
| 650 | _aMental disorders. | ||
| 650 | _aPsychopathology. | ||
| 650 | _aPsychiatric diagnosis. | ||
| 942 |
_2lcc _cBK |
||
| 999 |
_c367599 _d367599 |
||